Композиционные материалы и покрытия на полимерной основе: учебное пособие
| Hovedforfatter: | |
|---|---|
| Institution som forfatter: | |
| Andre forfattere: | |
| Summary: | Заглавие с титульного экрана Электронная версия печатной публикации Основное внимание в данном пособии уделено структуре, свойствам, переработке и применению основных видов современных полимерных материалов конструкционного и функционального назначения. Освещены общие вопросы физики и химии полимеров, рассмотрены также некоторые виды полимерных волокон, в том числе сверхпрочных высокомодульных. В приложениях представлены лабораторные работы по определению механических и тепловых характеристик полимерных материалов, справочная информация о марках и свойствах наиболее широко применяемых термопластичных полимеров. Разработано в рамках реализации Инновационной образовательной программы ТПУ по направлению «Материаловедение, наноматериалы и нанотехнологии» и предназначено для студентов высших учебных заведений, обучающихся по направлению 150600 «Материаловедение и технология новых материалов», по магистерской программе 150614 «Материаловедение и технологии наноматериалов и покрытий» Режим доступа: из корпоративной сети ТПУ |
| Sprog: | russisk |
| Udgivet: |
Томск, Изд-во ТПУ, 2008
|
| Fag: | |
| Online adgang: | http://www.lib.tpu.ru/fulltext2/m/2010/m212.pdf |
| Format: | Electronisk Bog |
| KOHA link: | https://koha.lib.tpu.ru/cgi-bin/koha/opac-detail.pl?biblionumber=188454 |
MARC
| LEADER | 00000nlm0a2200000 4500 | ||
|---|---|---|---|
| 001 | 188454 | ||
| 005 | 20240109090344.0 | ||
| 035 | |a (RuTPU)RU\TPU\book\204696 | ||
| 090 | |a 188454 | ||
| 100 | |a 20101209d2008 m y0rusy50 ca | ||
| 101 | 0 | |a rus | |
| 102 | |a RU | ||
| 105 | |a a j 001zy | ||
| 135 | |a drcn ---uucaa | ||
| 181 | 0 | |a i | |
| 182 | 0 | |a b | |
| 200 | 1 | |a Композиционные материалы и покрытия на полимерной основе |e учебное пособие |f С. В. Матренин, Б. Б. Овечкин |g Томский политехнический университет (ТПУ) | |
| 203 | |a Текст |c электронный | ||
| 210 | |a Томск |c Изд-во ТПУ |d 2008 | ||
| 300 | |a Заглавие с титульного экрана | ||
| 300 | |a Электронная версия печатной публикации | ||
| 330 | |a Основное внимание в данном пособии уделено структуре, свойствам, переработке и применению основных видов современных полимерных материалов конструкционного и функционального назначения. Освещены общие вопросы физики и химии полимеров, рассмотрены также некоторые виды полимерных волокон, в том числе сверхпрочных высокомодульных. В приложениях представлены лабораторные работы по определению механических и тепловых характеристик полимерных материалов, справочная информация о марках и свойствах наиболее широко применяемых термопластичных полимеров. Разработано в рамках реализации Инновационной образовательной программы ТПУ по направлению «Материаловедение, наноматериалы и нанотехнологии» и предназначено для студентов высших учебных заведений, обучающихся по направлению 150600 «Материаловедение и технология новых материалов», по магистерской программе 150614 «Материаловедение и технологии наноматериалов и покрытий» | ||
| 333 | |a Режим доступа: из корпоративной сети ТПУ | ||
| 337 | |a Adobe Reader | ||
| 452 | 1 | |0 (RuTPU)RU\TPU\book\180417 |t Композиционные материалы и покрытия на полимерной основе |o учебное пособие |f С. В. Матренин, Б. Б. Овечкин |g Томский политехнический университет (ТПУ) |c Томск |n Изд-во ТПУ |d 2008 |p 190 с. |a Матренин, Сергей Вениаминович | |
| 606 | 1 | |a Композиционные материалы полимерные |2 stltpush |3 (RuTPU)RU\TPU\subj\15051 |9 41349 | |
| 610 | 1 | |a полимеры | |
| 610 | 1 | |a материаловедение | |
| 610 | 1 | |a полимерные материалы | |
| 610 | 1 | |a наноматериалы | |
| 610 | 1 | |a нанотехнологии | |
| 610 | 1 | |a современные пластмассы | |
| 610 | 1 | |a полимерные волокна | |
| 610 | 1 | |a учебные пособия | |
| 610 | 1 | |a труды учёных ТПУ | |
| 610 | 1 | |a электронный ресурс | |
| 675 | |a 620.22-419.8(075.8) |v 3 | ||
| 700 | 1 | |a Матренин |b С. В. |c специалист в области материаловедения |c доцент Томского политехнического университета, кандидат технических наук |f 1964- |g Сергей Вениаминович |3 (RuTPU)RU\TPU\pers\25491 |9 11428 | |
| 701 | 1 | |a Овечкин |b Б. Б. |c российский специалист в области материаловедения |c доцент Томского политехнического университета, кандидат технических наук |f 1959- |g Борис Борисович |3 (RuTPU)RU\TPU\pers\25471 | |
| 712 | 0 | 2 | |a Томский политехнический университет (ТПУ) |c (1991-2009) |3 (RuTPU)RU\TPU\col\376 |
| 801 | 1 | |a RU |b 63413507 |c 20101209 | |
| 856 | 4 | |u http://www.lib.tpu.ru/fulltext2/m/2010/m212.pdf | |
| 942 | |c CF | ||